[Event "Chinese Chess League 2019"]
[Site "Shen Yang"]
[Date "2019.11.21"]
[Round "16.11"]
[White "Andreikin, Dmitry"]
[Black "Li, Di"]
[Result "1/2-1/2"]
[WhiteElo "2733"]
[BlackElo "2538"]
[Annotator "TA"]
[PlyCount "87"]
[EventDate "2019.04.09"]
[EventType "team-tourn"]
[EventCountry "CHN"]
[SourceTitle "playchess.com"]
[Source "ChessBase"]
[SourceQuality "1"]

{[%evp 15,87,20,20,19,22,5,8,17,4,3,22,0,18,1,43,14,28,27,26,-9,-18,-11,0,-40,-21,-29,-32,-27,-27,-18,-28,-32,-31,-32,0,-9,0,-10,-6,-20,-7,-5,-21,-18,0,0,0,0,0,0,55,53,61,66,60,58,73,73,72,62,76,34,72,9,12,0,22,22,31,31,27,0,0,0]} 1. Nf3 d5 2. d4 Nf6 3. c4 e6 4. Bg5 dxc4 5. e4 Bb4+ 6. Nc3 h6 7. Bxf6 Qxf6 8. Bxc4 c5 9. O-O {Strongly threatening Nb5. D39: Queen's Gambit Declined: Ragozin Defence with 5 Bg5 dxc4} cxd4 10. e5 Qd8 11. Ne4 O-O 12. Qe2 Be7 13. Rad1 {[#]} Nc6 $146 ({Predecessor:} 13... Qc7 14. Bd3 Nd7 15. Rc1 Qa5 16. g4 Nxe5 17. Nxe5 Qxe5 {0-1 (38) Aronian,L (2794)-Caruana,F (2784) Berlin 2018}) 14. Ng3 g6 (14... b5 $5 15. Bxb5 Qb6 $14) 15. Qe4 {[%mdl 1024] White has compensation.} Bd7 16. h4 Na5 17. Be2 (17. Qf4 $5 {[%cal Rf4h6]}) 17... Bc6 18. Qg4 $1 Qc7 $36 {[%mdl 2048] Black is more active.} 19. h5 Bxf3 20. Bxf3 g5 $1 21. Nf5 exf5 22. Qxf5 {[#] Threatening mate with Be4!} Qc8 23. e6 $1 Qxe6 24. Qxa5 Bd8 25. Qb5 Bb6 26. Rfe1 Qf6 27. Rd3 Rac8 28. Bxb7 {[#] Rf3 is the strong threat.} Rc5 29. Qb3 g4 30. Qd1 Rg5 31. g3 Rb8 32. Bg2 Bc5 ({Better is} 32... Kh8 $11) 33. b3 $1 $14 Qg7 34. Re4 Kh8 35. Qe2 Rg8 36. b4 $1 {[%cal Rb4c5]} Bxb4 37. Rexd4 Bc5 38. Rd5 Qa1+ 39. Bf1 (39. Rd1 $16 Qc3 40. Qe4) 39... Qf6 $11 40. Qd2 Rxd5 41. Rxd5 Rg5 42. Rxg5 hxg5 43. h6 Bb6 44. Qc2 {Accuracy: White = 45%, Black = 39%.} 1/2-1/2

[Event "Chinese Chess League 2019"]
[Site "Shen Yang"]
[Date "2019.11.21"]
[Round "16.12"]
[White "Liu, Yan"]
[Black "Xu, Xiangyu"]
[Result "1/2-1/2"]
[WhiteElo "2516"]
[BlackElo "2583"]
[Annotator "TA"]
[PlyCount "67"]
[EventDate "2019.04.09"]
[EventType "team-tourn"]
[EventCountry "CHN"]
[SourceTitle "playchess.com"]
[Source "ChessBase"]
[SourceQuality "1"]

{[%evp 16,67,10,0,23,15,28,29,32,0,0,-7,0,-12,-12,-16,-18,-24,-4,0,-6,-20,8,-10,-2,-11,0,0,0,-9,0,0,0,-21,-14,-14,-17,-27,0,-7,0,-4,0,-2,0,0,0,0,0,0,0,0,0,0]} 1. c4 e5 2. Nc3 d6 3. g3 Be7 4. Bg2 f5 5. d3 Nf6 6. e3 O-O 7. Nge2 c6 8. O-O Be6 9. b3 a5 {A21: English Opening: 1...e5 2 Nc3} (9... Nbd7 10. f4 Ng4 11. h3 Ngf6 12. fxe5 Nxe5 13. d4 Nf7 14. d5 Bd7 15. Nd4 Qc8 16. dxc6 bxc6 17. Qc2 {0-1 (39) Sivuk,V (2566)-Deepan Chakkravarthy,J (2478) Chennai 2016}) 10. Bb2 Na6 $146 ({Predecessor:} 10... Kh8 11. d4 Qc7 12. Rc1 Na6 13. Nd5 Nxd5 14. cxd5 Bd7 15. dxc6 bxc6 16. dxe5 dxe5 17. Bxe5 Qxe5 18. Qxd7 Nb4 19. Nd4 {1-0 (19) Kostic,V (2433)-Albrecht,R (2112) Bad Wiessee 2011}) 11. Qd2 d5 {White has an edge.} 12. cxd5 Nxd5 13. Nxd5 Bxd5 14. Bxd5+ Qxd5 15. Qc3 Bf6 16. Qc4 Rfd8 17. d4 exd4 18. Bxd4 Kf7 19. Rac1 Qxc4 20. Rxc4 Nc7 21. Bxf6 Kxf6 22. Nd4 Rd6 23. Rfc1 g6 24. Rc5 Ne6 25. Nxe6 Kxe6 $11 {[%mdl 4096] Endgame KRR-KRR} 26. R1c2 Kd7 27. Kg2 {The position is equal.} b6 28. R5c4 Re8 29. Kf3 Re7 30. h3 Rf7 31. Ke2 Rff6 32. Rh4 Rf7 33. Rhc4 Rff6 34. Rh4 {Accuracy: White = 58%, Black = 39%.} 1/2-1/2

[Event "Chinese Chess League 2019"]
[Site "Shen Yang"]
[Date "2019.11.21"]
[Round "16.13"]
[White "Zhou, Weiqi"]
[Black "Zhao, Yuanhe"]
[Result "1-0"]
[WhiteElo "2587"]
[BlackElo "2472"]
[Annotator "TA"]
[PlyCount "77"]
[EventDate "2019.04.09"]
[EventType "team-tourn"]
[EventCountry "CHN"]
[SourceTitle "playchess.com"]
[Source "ChessBase"]
[SourceQuality "1"]

{[%evp 9,95,0,7,0,0,0,0,0,36,40,72,50,93,40,74,54,112,103,117,109,175,168,160,167,210,190,227,232,216,183,193,174,208,176,179,93,93,93,100,104,101,101,114,119,112,112,177,125,301,301,301,302,408,425,393,407,400,389,429,429,468,448,556,535,679,678,659,678,718,714,1420,1342,1342,1240,1414,1144,1033,769,762,742,29966,29972,29966,666,5616,941,29965,12281]} 1. c4 c5 2. g3 Nc6 3. Bg2 g6 4. Nf3 Bg7 5. Nc3 e6 6. a3 {A37: Symmetrical English vs ...g6: 4 Bg2 Bg7 5 Nf3} (6. O-O Nge7 7. d3 O-O 8. Rb1 d5 9. Bg5 h6 10. Bd2 b6 11. a3 Bb7 12. b4 dxc4 13. dxc4 cxb4 14. axb4 Rc8 15. c5 bxc5 16. bxc5 Na5 {½-½ (25) Dubov,D (2700)-Duda,J (2729) Paris 2019}) 6... d5 7. b4 dxc4 $146 ({Predecessor:} 7... cxb4 8. axb4 dxc4 9. Qa4 Nf6 10. b5 Ne7 11. Qxc4 Nfd5 12. Bb2 O-O 13. O-O Bd7 {½-½ (36) Lerner,K (2525)-Makarichev,S (2505) Tallinn 1983}) 8. bxc5 {The position is equal.} Bxc3 9. dxc3 Qxd1+ $1 10. Kxd1 e5 11. Ke1 (11. Nd2 $16) 11... Nf6 12. Bg5 Nd7 ({Black should play} 12... Ne4 $14) 13. Rd1 $16 h6 14. Be3 Nf6 {[#]} (14... Na5 $16) 15. Nxe5 $1 $18 {[%mdl 576] Deflection} Nxe5 16. Bd4 $36 {[%mdl 2048] White is on the roll.} Nfd7 {Threatens to win with ...0-0.} 17. f4 O-O {...Nc6 is the strong threat.} 18. fxe5 Nb8 19. Rb1 Nc6 20. Rf1 Rd8 21. e3 Re8 22. Kd2 (22. Rf6 $18) 22... Re7 $16 23. Bd5 Be6 24. Bxe6 fxe6 25. Rf6 Kg7 26. h4 Rd8 27. Ke2 Rd5 {[#]} (27... Rg8 $16 28. g4 Kh7) 28. g4 (28. h5 $1 $18 {[%mdl 512]}) 28... Rxe5 $2 (28... Rd8 $16 29. Rbf1 Rg8) 29. Bxe5 $18 Nxe5 $16 {[%mdl 4096] Endgame KRR-KRN} 30. Rf4 Rc7 31. Re4 Nd7 32. c6 bxc6 33. g5 hxg5 34. hxg5 Nb6 35. Rh1 Rd7 36. Rxe6 Na4 37. Rh6 Nxc3+ 38. Kf3 Rf7+ 39. Kg4 {Played: Kf3-g3} 1-0

[Event "Chinese Chess League 2019"]
[Site "Shen Yang"]
[Date "2019.11.21"]
[Round "16.14"]
[White "Ren, Xiaoyi"]
[Black "Tan, Zhongyi"]
[Result "0-1"]
[WhiteElo "2257"]
[BlackElo "2504"]
[Annotator "TA"]
[PlyCount "80"]
[EventDate "2019.04.09"]
[EventType "team-tourn"]
[EventCountry "CHN"]
[SourceTitle "playchess.com"]
[Source "ChessBase"]
[SourceQuality "1"]

{[%evp 20,80,0,-11,0,-32,-31,-30,-31,-23,-17,-33,-38,-38,-33,-41,-39,-95,-10,0,0,0,-7,-66,-55,-75,-81,-66,-40,-44,-27,-63,-13,-55,-24,-29,-41,-34,-48,-41,-41,-34,-25,-29,-28,-56,-29,-58,-58,-52,-16,-35,0,-54,-56,-45,-35,-307,-306,-408,-405,-29987,-29988]} 1. d4 Nf6 2. c4 e6 3. Nf3 d5 4. Nc3 dxc4 5. e3 a6 6. a4 c5 7. Bxc4 Nc6 8. O-O Be7 9. b3 O-O 10. Bb2 cxd4 11. exd4 Nb4 {D27: Queen's Gambit Accepted: Classical main line: 7 e4!? and 7 a4} 12. Rc1 b6 13. Qe2 Bb7 {Black has an edge.} 14. Ne5 Nbd5 (14... Rc8 {is more complex.} 15. Rfe1 Nfd5 16. Qg4 g6 17. Qf3 Bg5) 15. f3 $146 ({Predecessor:} 15. f4 g6 16. Nxd5 Nxd5 17. Qe4 Bb4 18. Rf2 Qe7 19. Qd3 Rfc8 20. Rcf1 Bd6 21. Qh3 {½-½ (21) Richter,C (2403)-Acs,P (2542) Germany 2009}) 15... Nxc3 16. Bxc3 Nd5 17. Bb2 Bg5 18. Rce1 {[#]} (18. Rb1 $15) 18... b5 (18... Nf4 $1 $17 {[%cal Rf4e2]} 19. Qc2 Nd5) 19. axb5 $11 axb5 20. Bxb5 Ra2 {Strongly threatening ...Be3+.} 21. Bd3 (21. Ra1 $1 $11 Rxb2 22. Qxb2) 21... Nf4 22. Qc2 $1 Nxd3 23. Nxd3 Bf6 (23... Qxd4+ $5 24. Rf2 Qa7 $15) 24. Qb1 Ra5 {[%mdl 1024] Black has compensation.} 25. Ne5 Bd5 26. b4 Ra2 27. Rf2 Qd6 28. Bc3 Rxf2 29. Kxf2 Rc8 30. Qd3 Bh4+ 31. g3 Be7 32. Qd2 h6 33. b5 Qa3 34. Rc1 Rb8 35. Rb1 Rc8 36. Rc1 $1 {[#]} Bb4 $1 $36 {[%mdl 2624] Pin. Black has some pressure.} 37. Bb2 (37. Bxb4 Qxc1) 37... Rxc1 38. Qxc1 $4 {[%mdl 8192]} (38. Bxc1 $15 Qa4 39. Qb2) 38... Qb3 $19 {And now ...f6 would win.} 39. Qc8+ {[#]} Kh7 $1 40. Bc1 (40. Qc1 $19) 40... f6 {Accuracy: White = 36%, Black = 54%.} 0-1

[Event "Chinese Chess League 2019"]
[Site "Shen Yang"]
[Date "2019.11.21"]
[Round "16.15"]
[White "Lagno, Kateryna"]
[Black "Lei, Tingjie"]
[Result "1/2-1/2"]
[WhiteElo "2549"]
[BlackElo "2485"]
[Annotator "TA"]
[PlyCount "65"]
[EventDate "2019.04.09"]
[EventType "team-tourn"]
[EventCountry "CHN"]
[SourceTitle "playchess.com"]
[Source "ChessBase"]
[SourceQuality "1"]

{[%evp 9,65,22,12,13,13,6,13,10,25,13,17,14,17,17,16,21,16,20,20,16,25,9,18,6,18,0,0,4,6,0,23,19,13,16,11,-10,-14,-16,-18,-56,-7,-8,-12,-16,0,0,0,-7,-7,-9,-6,-14,-12,-20,0,-27,0,-3]} 1. e4 e5 2. Nf3 Nc6 3. Bb5 Nf6 4. d3 Bc5 5. Bxc6 dxc6 6. O-O {C65: Ruy Lopez: Berlin Defence (3...Nf6), unusual lines and 4 0-0 Bc5} Nd7 7. c3 O-O 8. d4 Bd6 9. Bg5 f6 10. Bh4 Qe8 11. Nbd2 {[%cal Bb1d2,Bd2f1,Bf1e3,Be3f5][%mdl 32]} Qf7 $146 ({Predecessor:} 11... Nb6 12. h3 exd4 13. cxd4 Qg6 {0-1 (25) Robson,R (2667)-Sevian,S (2642) Saint Louis 2019}) 12. Bg3 Re8 13. Qc2 b6 14. Rfe1 a5 15. Nf1 Nf8 16. Ne3 Ng6 17. Nf5 Be6 18. b3 a4 {[%cal Ra4b3]} 19. bxa4 Ra6 20. dxe5 Bxe5 21. Bxe5 Nxe5 22. N3d4 Bd7 23. Re3 Kh8 24. f4 Ng6 {...c5 is the strong threat.} 25. e5 {[%mdl 64] [#] Decoy} fxe5 26. fxe5 Rxe5 (26... c5 $5 27. e6 $8 Bxe6 28. Nxe6 Rxe6 $11) 27. Rxe5 Nxe5 28. Qe2 Ra5 $1 29. Rf1 {[#] Black must now prevent Nd6!} Qe8 30. Re1 Qf8 31. Rf1 Qe8 32. Re1 Qf8 33. Rf1 {Accuracy: White = 56%, Black = 61%.} 1/2-1/2

[Event "Chinese Chess League 2019"]
[Site "Shen Yang"]
[Date "2019.11.21"]
[Round "16.16"]
[White "Ma, Qun"]
[Black "Lu, Shanglei"]
[Result "1/2-1/2"]
[WhiteElo "2629"]
[BlackElo "2611"]
[Annotator "TA"]
[PlyCount "81"]
[EventDate "2019.04.09"]
[EventType "team-tourn"]
[EventCountry "CHN"]
[SourceTitle "playchess.com"]
[Source "ChessBase"]
[SourceQuality "1"]

{[%evp 12,81,33,17,22,0,10,9,43,27,32,11,14,14,51,53,48,39,81,72,78,64,106,111,109,107,110,45,129,0,101,90,116,110,99,98,95,57,57,57,57,57,66,58,57,57,73,57,57,57,57,57,58,0,0,0,61,55,56,4,4,4,4,4,4,6,6,10,24,25,80,0]} 1. d4 Nf6 2. c4 e6 3. Nc3 d5 4. cxd5 Nxd5 5. e4 Nxc3 6. bxc3 c5 7. Rb1 Be7 {D35: Queen's Gambit Declined: Exchange Variation} 8. Nf3 O-O 9. Bc4 a6 {The position is equal.} 10. a4 Qc7 {next ...cxd4 is good for Black.} 11. Be2 b6 12. O-O $36 {[%mdl 2048] White is pushing.} Bb7 $146 ({Predecessor:} 12... cxd4 13. cxd4 Bb7 14. Bd3 Nc6 15. Rb3 {1-0 (35) Ding,L (2805)-So,W (2754) Stavanger 2019}) 13. d5 $1 exd5 14. exd5 c4 15. Qd4 Nd7 16. Bf4 ({Don't play} 16. Bxc4 Bf6 $11) 16... Bd6 17. Bxd6 Qxd6 18. Bxc4 Nc5 19. Ng5 (19. Ba2 $16) 19... Qg6 (19... Qf6 $14) 20. Nf3 {And now a5! would win.} Qd6 $1 21. Bb3 Rfd8 22. c4 b5 23. axb5 (23. Rfd1 {with more complications.} h6 24. Ne5 Re8 25. Nd3 Nxb3 26. Rxb3 bxc4 27. Rxb7 cxd3 28. g3) 23... axb5 24. cxb5 (24. Rfd1 {keeps more tension.} Ba6 25. Nd2 Ne6 26. Qe3 Nc5 27. cxb5 Bxb5 28. Bc2) 24... Nxb3 25. Rxb3 Qxd5 26. Qxd5 Bxd5 27. Rb4 Bxf3 28. gxf3 $14 {[%mdl 4096] Endgame KRR-KRR} Rab8 29. b6 Rb7 30. Rfb1 Rd6 31. Kf1 (31. R1b2 {seems wilder.} Kf8 32. h4 g6 33. Kg2 Ke7 34. Kg3) 31... g6 32. Ke2 ({Better is} 32. Kg2 $14) 32... Re7+ $1 $11 33. Kf1 (33. Re4 $11 Rb7 34. Reb4) 33... Rb7 $14 34. f4 f5 35. h4 ({White should try} 35. R4b3 $14) 35... h5 $11 36. Ke2 Kf7 37. R1b3 Re7+ 38. Kf3 {[#] Black must now prevent b7.} Rb7 39. Rb5 Re6 40. R3b4 Kf6 41. Rb3 {Accuracy: White = 48%, Black = 78%.} (41. Rb1 $16) 1/2-1/2

[Event "Chinese Chess League 2019"]
[Site "Shen Yang"]
[Date "2019.11.21"]
[Round "16.17"]
[White "Bai, Jinshi"]
[Black "Zvjaginsev, Vadim"]
[Result "1/2-1/2"]
[WhiteElo "2600"]
[BlackElo "2626"]
[Annotator "TA"]
[PlyCount "60"]
[EventDate "2019.04.09"]
[EventType "team-tourn"]
[EventCountry "CHN"]
[SourceTitle "playchess.com"]
[Source "ChessBase"]
[SourceQuality "1"]

{[%evp 14,60,47,27,21,20,16,14,16,9,17,7,15,6,9,6,0,0,9,0,0,0,0,0,0,-20,-11,-23,0,-6,-8,-20,-2,-14,0,-17,-14,-12,-20,-39,-39,-36,0,0,0,-37,0,0,0]} 1. d4 d5 2. c4 e6 3. Nc3 Nf6 4. cxd5 exd5 5. Bg5 c6 6. e3 Be7 7. Bd3 Bg4 8. Qc2 (8. f3 {with more complications.} Be6 9. Nge2 h6 10. Bh4 c5 11. Nf4) 8... Bh5 {D35: Queen's Gambit Declined: Exchange Variation} 9. h3 (9. Nge2 Bg6 10. Ng3 Na6 11. a3 Nc7 12. Nf5 Ne6 13. h4 Bxf5 14. Bxf5 Qd6 15. O-O-O g6 16. Bd3 O-O-O 17. Kb1 Kb8 18. Bxf6 Bxf6 {1-0 (36) Vishnu,P (2504)-Nabaty,T (2692) Douglas 2018}) 9... Bg6 10. Bxg6 hxg6 11. Nf3 Nbd7 12. O-O O-O 13. Rab1 a5 14. a3 Re8 15. Rfc1 $146 ({Predecessor:} 15. b4 axb4 16. axb4 Nf8 17. b5 Ne6 18. Bxf6 Bxf6 19. bxc6 bxc6 {1-0 (49) Araz,B (2368)-Salama,T (1769) Riadh 2017}) 15... Bd6 16. Na4 Qe7 17. Nc5 Bxc5 18. dxc5 a4 19. Qc3 Ra7 20. Qb4 Qe4 21. Bxf6 gxf6 22. Rd1 Qe7 (22... Kg7 {keeps more tension.} 23. Ra1 Qe7 24. Rac1 Qd8 25. Rd4 Qa5) 23. Rbc1 Ne5 24. Nxe5 fxe5 25. e4 d4 26. Rd3 Raa8 27. Rf1 Rad8 28. Rc1 Ra8 29. Rf1 Rad8 30. Rc1 $1 Ra8 {Accuracy: White = 59%, Black = 59%.} 1/2-1/2

[Event "Chinese Chess League 2019"]
[Site "Shen Yang"]
[Date "2019.11.21"]
[Round "16.18"]
[White "Jakovenko, Dmitry"]
[Black "Xu, Minghui"]
[Result "1-0"]
[WhiteElo "2691"]
[BlackElo "2403"]
[Annotator "TA"]
[PlyCount "83"]
[EventDate "2019.04.09"]
[EventType "team-tourn"]
[EventCountry "CHN"]
[SourceTitle "playchess.com"]
[Source "ChessBase"]
[SourceQuality "1"]

{[%evp 24,83,35,15,23,14,48,26,63,44,33,38,50,54,45,56,73,76,69,65,72,60,66,56,59,53,70,56,82,79,75,58,57,58,57,57,149,149,179,179,184,179,186,204,266,218,270,233,2631,2631,2631,2631,2424,2174,2235,1616,6209,6184,5310,4170,29972,12569]} 1. e4 e5 2. Nf3 Nc6 3. Bb5 a6 4. Ba4 Nf6 5. O-O Nxe4 6. d4 b5 7. Bb3 d5 8. dxe5 Be6 9. Be3 Be7 10. c3 O-O 11. Re1 Qd7 12. Nbd2 Rad8 13. Bc2 Nxd2 {C83: Open Ruy Lopez: 9 c3 Be7} 14. Qxd2 Bf5 (14... Bg4 $5 {[%cal Rg4f3]}) 15. Rad1 {[#]} Qe6 $146 {White has an edge.} ({Predecessor:} 15... Rfe8 16. h3 h6 17. Bxf5 Qxf5 18. Nd4 Qg6 19. f4 Nxd4 20. cxd4 c5 21. Qf2 {1-0 (39) Bruzon Batista,L (2691)-Sulskis,S (2559) Montreal 2013}) 16. Nd4 (16. Bxf5 {feels hotter.} Qxf5 17. h3 h6 18. b4 Rfe8 19. Nd4) 16... Nxd4 17. cxd4 Bxc2 18. Qxc2 c6 19. f4 f5 20. Rc1 Rc8 21. Qd2 Ra8 22. Rc2 a5 {With the idea ...Bb4.} 23. Rec1 Rfc8 24. h3 Kh8 25. Kh2 Rc7 26. Qd3 b4 27. g4 g6 28. gxf5 gxf5 29. Rg2 Bh4 (29... Rcc8 $14) 30. Rcg1 $16 Rcc8 {[#]} 31. Bf2 $1 {[%cal Rf2h4]} Bxf2 32. Rxf2 Rg8 33. Rfg2 Rxg2+ 34. Rxg2 $18 {[%mdl 4096] Endgame KQR-KQR} h6 35. Qg3 {[%csl Gg2][%cal Rg3g7]} Rg8 $2 {[#]} (35... Qf7 36. Qg6 Qxg6 37. Rxg6 Rc8 38. Rxh6+ Kg7) 36. Qxg8+ $1 Qxg8 37. Rxg8+ Kxg8 {KP-KP} 38. Kg3 Kf7 39. Kf3 a4 40. Ke3 Ke6 41. Kd3 h5 42. a3 {Accuracy: White = 77%, Black = 25%.} (42. Kc2 $142 Ke7 43. a3 Kf8 44. axb4 Ke8 45. Kb1 Ke7 46. Ka2 Kd7 47. Ka3) 1-0

[Event "Chinese Chess League 2019"]
[Site "Shen Yang"]
[Date "2019.11.21"]
[Round "16.19"]
[White "Zhu, Jiner"]
[Black "Gu, Tianlu"]
[Result "1/2-1/2"]
[WhiteElo "2468"]
[BlackElo "2259"]
[Annotator "TA"]
[PlyCount "169"]
[EventDate "2019.04.09"]
[EventType "team-tourn"]
[EventCountry "CHN"]
[SourceTitle "playchess.com"]
[Source "ChessBase"]
[SourceQuality "1"]

{[%evp 32,169,0,0,0,0,0,0,0,0,0,0,0,0,0,0,0,0,0,0,0,0,0,-29,-20,-23,-19,-58,-37,-38,-54,-61,-31,-37,-33,-27,0,0,0,0,0,0,7,10,6,-251,-255,-718,-695,-693,-671,-1136,-1134,-887,-851,-845,-818,-29983,-327,-327,-367,-280,-257,-258,-250,-245,-92,-139,0,0,0,0,0,0,0,0,0,0,0,0,0,0,128,127,126,104,99,101,126,101,133,131,110,0,0,0,0,0,0,0,0,0,0,0,0,0,0,0,0,0,0,0,0,0,0,0,0,0,0,0,0,0,0,0,0,0,0,0,0,0,0,0,0,0,0,0,0,0,0,0]} 1. e4 e5 2. Nf3 Nc6 3. Bb5 a6 4. Ba4 Nf6 5. O-O b5 6. Bb3 Be7 7. Re1 d6 8. c3 O-O 9. d4 Bg4 10. d5 Na5 11. Bc2 c6 12. h3 Bc8 13. dxc6 Qc7 14. Nbd2 Qxc6 15. Nf1 Re8 16. Ng3 Nc4 17. a4 Be6 {C91: Closed Ruy Lopez: 7...d6 8 c3 0-0 9 d4} 18. Ng5 Bd7 19. b3 Na5 20. Bd2 Qc7 21. axb5 axb5 22. Qe2 Rec8 {[#]} 23. Reb1 $146 ({Predecessor:} 23. Ra2 Nb7 24. Rxa8 Rxa8 25. b4 {½-½ (39) Balogh,C (2562)-Tkachiev,V (2661) Khanty-Mansiysk 2007}) 23... h6 24. Nf3 Bf8 25. Qe1 Nc6 26. Bd3 Qb7 27. Qe2 Nd8 28. b4 Ne6 29. Nf1 Bc6 {[%cal Rf6e4]} 30. Rxa8 $1 Rxa8 31. Re1 Nh5 32. g3 Nf6 33. Bc1 d5 34. exd5 Bxd5 {Hoping for ...e4.} 35. Nxe5 Ra2 36. Qd1 Bd6 37. Ng4 {Strongly threatening Nxf6+.} Be7 $40 {[%mdl 128] aiming for ...Bh1. Black is up to no good.} 38. Nge3 $2 {[%mdl 8192]} (38. Nfe3 $11 {and White stays safe.} Nxg4 39. hxg4 (39. Qxg4 Bf3 $11)) 38... Ng5 $1 $19 {[%cal Rg5h3]} 39. Nd2 $2 (39. Nxd5 Nxh3+ {[%mdl 64] Double Attack} 40. Kh2 Nxf2 41. Qb3 Nxd3+ {[%mdl 64] Discovered Attack} 42. Qxa2 Nxd5 43. Rxe7 Nxe7 44. Be3) 39... Nxh3+ 40. Kf1 {[#]} Bf3 $1 {[%mdl 512]} 41. Be2 (41. Qxf3 Qxf3) 41... Bxe2+ 42. Kxe2 Ne4 ({Less strong is} 42... Qe4 43. Qb3 $17) 43. Qb3 Bf6 44. Nd1 {[#]} Qa7 $2 (44... Nxg3+ $1 {[%mdl 512] mates} 45. fxg3 Qg2+ {[%mdl 64] Double Attack} 46. Kd3 Qxg3+ {[%mdl 64] Double Attack} 47. Re3 Qg6+ 48. Ke2 Qg2+ 49. Nf2 Qxf2+ 50. Kd3 Nf4+ 51. Ke4 Ng2 52. Nf3 Re2 53. Nd4 Rxe3+ 54. Bxe3 Qxe3+ 55. Kd5 Nf4+ 56. Kc6 Bxd4 {[%mdl 64] Pin} 57. Qa2 Qe8+ 58. Kc7 Bxc3 59. Qh2 Nd5+ 60. Kd6 Nxb4 61. Qg2 Qe6+ 62. Kc5 Qe5+ 63. Kb6 Qd6+ 64. Kb7 Be5 65. Qxg7+ Kxg7 66. Kc8 Qc7#) 45. Qd5 Nhxf2 46. Kf3 Nxd2+ 47. Bxd2 Nxd1 48. Rxd1 {[#]} Qa8 $2 (48... Bxc3 $1 $19 {[%mdl 512] has better winning chances.} 49. Kg4 (49. Bxc3 Qf2+) 49... h5+ $1 {[%mdl 512]} 50. Kh3 Bxd2 51. Qd8+ Kh7 52. Rxd2 g6) 49. Be1 Qxd5+ (49... Qa4 $17 {...Qc2 is the strong threat.} 50. Rd2 Rxd2 51. Qxd2 h5) 50. Rxd5 $17 {[%mdl 4096] Endgame KRB-KRB} Ra3 51. Rc5 $1 Ra1 52. Bd2 Ra2 53. Be1 Ra1 54. Ke2 Ra2+ 55. Kd3 Ra1 56. Bd2 Rd1 {[#]} (56... Rg1 $11) 57. Kc2 $1 $16 {[%cal Rc2d1]} Rg1 58. Bf4 g5 {[#]} 59. Bb8 $1 h5 60. Rxb5 h4 61. gxh4 gxh4 62. Be5 (62. Rf5 $16 Kg7 63. Rf3) 62... Bxe5 $11 {The position is equal.} 63. Rxe5 {KR-KR} h3 64. Rh5 Rg2+ 65. Kb3 h2 66. b5 Kf8 67. Kb4 Ke7 68. Ka5 Kd6 69. Kb6 {next c4 is good for White.} Rc2 70. Ka7 Rxc3 71. Rxh2 Ra3+ 72. Kb7 f5 73. b6 f4 74. Rh5 f3 75. Kb8 Rb3 76. b7 Kc6 77. Rh6+ Kd5 78. Kc7 Ke4 79. Re6+ Kd3 80. Rd6+ Ke2 81. Re6+ Kd1 82. Rd6+ Ke1 83. Re6+ Kd1 84. Rd6+ Ke1 85. Re6+ {Accuracy: White = 64%, Black = 75%.} 1/2-1/2

[Event "Chinese Chess League 2019"]
[Site "Shen Yang"]
[Date "2019.11.21"]
[Round "16.20"]
[White "Ding, Yixin"]
[Black "Girya, Olga"]
[Result "1/2-1/2"]
[WhiteElo "2438"]
[BlackElo "2476"]
[Annotator "TA"]
[PlyCount "93"]
[EventDate "2019.04.09"]
[EventType "team-tourn"]
[EventCountry "CHN"]
[SourceTitle "playchess.com"]
[Source "ChessBase"]
[SourceQuality "1"]

{[%evp 15,93,0,7,0,0,0,0,0,0,0,0,0,0,0,0,-13,0,10,10,-30,-27,-29,-12,-12,-5,-31,-26,-48,-31,-31,-17,-27,0,0,0,0,0,0,38,44,38,10,7,12,9,20,51,28,28,12,91,51,54,51,51,39,52,57,91,0,0,0,0,-10,0,-49,-16,-35,0,0,0,0,0,0,0,0,0,0,0,0]} 1. Nf3 d5 2. g3 c6 3. Bg2 Bg4 4. O-O Nf6 5. d4 e6 6. c4 Nbd7 7. Qb3 Qb6 8. Nc3 Be7 9. Re1 {D11: Slav Defence: 3 Nf3 sidelines and 3...Nf6 4 e3 Bg4} (9. c5 Qa6 10. Re1 b6 11. cxb6 Qxb6 12. Qa4 Bxf3 13. Bxf3 O-O 14. e4 dxe4 15. Nxe4 Nxe4 16. Bxe4 Rac8 17. Re3 {½-½ (64) Kamsky,G (2661)-Volkov,S (2624) Stockholm 2017}) 9... O-O 10. c5 Qxb3 11. axb3 Bxf3 12. Bxf3 e5 13. e3 Rfe8 $146 ({Predecessor:} 13... a5 14. Bd2 e4 15. Be2 b6 16. cxb6 Nxb6 {1-0 (48) Marez,S (2430)-Migliorini,R (2013) ICCF email 2012}) 14. b4 a6 15. Bd2 exd4 16. exd4 Nf8 17. Nb1 Ne6 18. Bc3 Bf8 19. Nd2 g6 20. Nb3 Bg7 21. h4 h5 22. Bg2 $1 Nd7 23. Re2 Ndf8 (23... Nc7 $5 {[%cal Re8e2]} 24. Rae1 Rxe2 25. Rxe2 Nf8 $15) 24. Rae1 Re7 25. Bh3 Rae8 26. Bd2 Bf6 27. Kf1 Nh7 28. Bxe6 (28. f4 {looks sharper.} Nhf8 29. f5 gxf5 30. Bxf5 Nd7 31. Bh3) 28... Rxe6 29. Rxe6 fxe6 30. Bf4 Nf8 31. Ke2 Nd7 32. Kd3 Bd8 (32... e5 $11) 33. Re3 Nf6 $1 34. f3 Kf7 35. Kc2 Nh7 36. Bd6 Rg8 37. Nc1 (37. Na5 $16) 37... g5 38. hxg5 $1 Bxg5 39. f4 Bf6 40. Kc3 Rg4 41. Nd3 h4 (41... Ng5 $5 {[%cal Rg5e4]} 42. Nf2 Ne4+ 43. Nxe4 dxe4 $15) 42. gxh4 {The position is equal.} Rxh4 43. Rg3 Rh1 44. Be5 Rh6 45. Bd6 Rh1 46. Be5 Rh6 47. Bd6 {Accuracy: White = 51%, Black = 53%.} 1/2-1/2